000 01070nam a22002771u 4500
001 04238
003 HDC
007 cr bn ---
008 21011662005 my mayy
040 _aHDC
110 _aLembaga Pemasaran Pertanian Persekutuan
245 0 _aLAPORAN TAHUNAN 2004 =
_b2004 ANNUAL REPORT /
_cby Lembaga Pemasaran Pertanian Persekutuan
260 _aBatu Caves, Selangor :
_bLembaga Pemasaran Pertanian Persekutuan (FAMA),
_c2004
300 _a78 pages :
_billustrations
336 _atext
_2rdacontent
337 _acomputer
_2rdamedia
338 _aonline resource
_2rdacarrier
650 _aFarm produce $x $x
_xMarketing
_xGovernment policy
_zMalaysia
_94368
650 _aFarm produce
_xMarketing
_94367
650 _aHouse organs
_zMalaysia
_94369
710 _aLembaga Pemasaran Pertanian Persekutuan
856 _zRequest full-text at [email protected]
942 _2lcc
942 _cEIS
942 _kAREP 000056
999 _c1563
_d1563